00714cam a22002531 4500001001300000003000400013005001700017008004100034010001700075025001800092035002000110040002100130041001100151042001200162050001700174100002500191245003400216250001200250260009100262300003500353500004600388630001300434730001300447sa 64001238 DLC20260227112001.0940713s1963 ii b 000 0 engo  asa 64001238  aPL480:P-E-311 a(OCoLC)30759430 aDLCcCUdCUdDLC0 aengara apremarc00aBP130.6b.A91 aAzizullah, Muhammad.10aGlimpses of the Holy Qurʼan. a1st ed. aKarachi,bPublished under the auspices of World Federation of Islamic Missions,c1963. a96 p.bfold. col. map.c25 cm. aIncludes verses from the Koran in Arabic.00aQurʼan.0 aQurʼan.